000 00708nam a22002417a 4500
001 BR9508206
003 BR-BrBNA
005 20230928095119.0
007 ta
008 230509b bl.||||| |||| 00| 0 por d
040 _aBR-BrBNA
_bpor
_cBiblioteca Nacional de Agricultura
041 _a(Por)
072 _aL70; D50
090 _ L70 BR9508206
110 1 _aMinisterio do Trabalho, Brasilia, DF (Brasil)
_97158
245 1 _aConselho Regional de Medicina Veterinaria - CRMV-9. Manual de orientacao de responsabilidade tecnica
260 3 _aBrasilia, DF (Brasil):
_c[nd].
300 _a57 p.
650 _aVeterinaria
650 _aLegislacao
909 _a202309
_bLucia
_c55
_dLucia Elande
942 _cBK
999 _c54610
_d54610